000 00667nam a22002177a 4500
003 OSt
005 20251024021905.0
008 251021b |||||||| |||| 00| 0 eng d
020 _a981-4126764.
040 _aDWCL-Main lib
_cOC
082 _aCirc. 658.1511 W545m 2002
100 _aJerry J. Weygandt
245 _aManagerial accounting :
_btools for business decision making
260 _aNew York :
_bJohn, Wiley & Sons, Inc.,
_cc2002.
300 _axxxi, 611 pages ;
_c25 cm.
504 _aIncludes bibliographical references.
650 _21. Management Accounting.
700 _aDonald E. Kieso
700 _aPaul D. Kimmel
942 _2ddc
_cBK-CIRC
_kCirc.
_n0
999 _c4959
_d4959